00732nam a2200217Ia 4500003000900000008004100009040001600050080001300066100002500079245008000104260004000184300001400224490004600238650004100284650002600325650002500351700002700376942000700403999001500410952008900425IN-BaIIA211028s9999 xx 000 0 eng d cIIA Library a533bCLE aClemmow, P. C.96291 0aElectrodynamics of particles and plasmascClemmow P. C. and Dougherty J. P. aMassachusettsbAddison-Wesleyc1969 aix, 457p. aAddison-Wesley series in advanced physics aAstronomy and astrophysics thesaurus aElectrodynamics92319 aPlasma physics93732 aJ. P. Dougherty 96292 cBK c3555d3555 00104070aBANbBANcGENd1970-07-28l0o533/ CLEp3970r2021-11-05w1970-07-28yBK